MS/Thesis:Quantum Chemical Studies of Organic Liquid Crystal As Semiconductor-Form Quantum Mechanics To Flexible Materials (Record no. 523541)
[ view plain ]
| 000 -LEADER | |
|---|---|
| fixed length control field | 00603nam a22001817a 4500 |
| 003 - CONTROL NUMBER IDENTIFIER | |
| control field | NUST |
| 005 - DATE AND TIME OF LATEST TRANSACTION | |
| control field | 20190415113519.0 |
| 008 - FIXED-LENGTH DATA ELEMENTS--GENERAL INFORMATION | |
| fixed length control field | 190415b ||||| |||| 00| 0 eng d |
| 038 ## - RECORD CONTENT LICENSOR | |
| Staff Name | Nusrat Nadeem |
| 040 ## - CATALOGING SOURCE | |
| Original cataloging agency | DLC |
| Language of cataloging | DLC |
| Transcribing agency | RCMS |
| 082 ## - DEWEY DECIMAL CLASSIFICATION NUMBER | |
| Classification number | 542/.85 21 |
| Author Mark | BUS |
| 100 ## - MAIN ENTRY--PERSONAL NAME | |
| Personal name | Bushra Nosheen |
| 9 (RLIN) | 14111 |
| 245 ## - TITLE STATEMENT | |
| Title | MS/Thesis:Quantum Chemical Studies of Organic Liquid Crystal As Semiconductor-Form Quantum Mechanics To Flexible Materials |
| Statement of responsibility, etc. | Bushra Nosheen |
| 260 ## - PUBLICATION, DISTRIBUTION, ETC. | |
| Place of publication, distribution, etc. | Islamabad |
| Name of publisher, distributor, etc. | RCMS NUST |
| Date of publication, distribution, etc. | March 2019 |
| 300 ## - PHYSICAL DESCRIPTION | |
| Extent | xii,72,p: |
| Other physical details | ill: |
| Dimensions | 30.cm. |
| 610 ## - SUBJECT ADDED ENTRY--CORPORATE NAME | |
| General subdivision | Computational Chemistry |
| 9 (RLIN) | 14112 |
| 942 ## - ADDED ENTRY ELEMENTS (KOHA) | |
| Source of classification or shelving scheme | |
| Koha item type | Thesis |
| Withdrawn status | Lost status | Source of classification or shelving scheme | Damaged status | Not for loan | Permanent Location | Current Location | Shelving location | Date acquired | Total Checkouts | Full call number | Barcode | Date last seen | Price effective from | Koha item type |
|---|---|---|---|---|---|---|---|---|---|---|---|---|---|---|
| School of Interdisciplinary Engineering and Sciences (SINES) | School of Interdisciplinary Engineering and Sciences (SINES) | Thesis | 04/15/2019 | 542/.85 21 BUS | RCMS003164 | 08/24/2020 | 04/15/2019 | Thesis |
